000 00912cam a2200337M 4500
001 99472
005 20230410133000.0
008 951027s1978 mx 000 0 spa d
035 _a(OCoLC)ocn651318319
040 _aBNMEX
_bspa
_cBNMEX
020 _a9684270046
020 _a9789684270046
035 _a(OCoLC)651318319
049 _aGRAL
050 1 4 _aB 823.3
_bS586t 1978
100 1 _aSilva, Ludovico
245 1 0 _aTeoría y práctica de la ideología /
_cLudovico Silva.
250 _a6a ed.
260 _aMéxico :
_bEditorial Nuestro Tiempo,
_c1978.
300 _a222 p. ;
_c18 cm.
490 1 _aColec. La cultura al pueblo
504 _aIncluye bibliografías.
650 4 _aIdeología.
650 4 _aCES
650 4 _aColección Enriquillo Sánchez
650 0 _aIdeology.
830 0 _aColec. La cultura al pueblo.
942 _2lcc
_cbk
994 _aC0
_bDRFGD
946 _aNBM
999 _c91311
_d91311